Metódy poradí pri lineárnom usporiadaní objektov

Gespeichert in:
Bibliographische Detailangaben
1. Verfasser: Labudová, Viera, 1958-
Format: Buchkapitel
Sprache:Slowakisch
Tags: Tag hinzufügen
Keine Tags, Fügen Sie das erste Tag hinzu!

MARC

LEADER 00000nla$a2200000$$$4500
001 0062537
005 20240502071715.2
041 0 |a slo 
044 |a SK 
245 1 0 |a Metódy poradí pri lineárnom usporiadaní objektov  |c Viera Labudová 
100 1 |a Labudová, Viera, 1958-